Introduction to criminal justice
This book introduction to criminal justice in the United States has been ... updated and revised to include coverage of criminal justice's new, expanded role in the war on terrorism as well as to incorporate other recent developments, cases, and research in the field.
Gardado en:
| Autor Principal: | |
|---|---|
| Formato: | Libro |
| Idioma: | Undetermined |
| Publicado: |
Princeton, N.J.
Recording for the Blind & Dyslexic
2007
|
| Những chủ đề: | |
| Các nhãn: |
Engadir etiqueta
Sen Etiquetas, Sexa o primeiro en etiquetar este rexistro!
|
| Thư viện lưu trữ: | Trung tâm Học liệu Trường Đại học Cần Thơ |
|---|
| LEADER | 00905nam a2200217Ia 4500 | ||
|---|---|---|---|
| 001 | CTU_186898 | ||
| 008 | 210402s9999 xx 000 0 und d | ||
| 020 | |c 15.44 | ||
| 082 | |a 364.973 | ||
| 082 | |b B676 | ||
| 100 | |a Bohm, Robert M. | ||
| 245 | 0 | |a Introduction to criminal justice | |
| 245 | 0 | |c Robert M Bohm, Keith N Haley | |
| 260 | |a Princeton, N.J. | ||
| 260 | |b Recording for the Blind & Dyslexic | ||
| 260 | |c 2007 | ||
| 520 | |a This book introduction to criminal justice in the United States has been ... updated and revised to include coverage of criminal justice's new, expanded role in the war on terrorism as well as to incorporate other recent developments, cases, and research in the field. | ||
| 650 | |a Criminal justice, Administration of,Cục Tư pháp hình sự | ||
| 650 | |z United States | ||
| 904 | |i Trúc | ||
| 980 | |a Trung tâm Học liệu Trường Đại học Cần Thơ | ||